La comercialización del turismo comunitario en América Latina /

Zapisane w:
Opis bibliograficzny
1. autor: Cañada, Ernest
Format: Książka
Język:Spanish
Etykiety: Dodaj etykietę
Nie ma etykietki, Dołącz pierwszą etykiete!

MARC

LEADER 00000nam a22000007a 4500
003 cru CIDCACS/IIS
005 20210817125250.0
007 ta
008 161130s2015 cr ||||| |||| 00| 0 spa d
040 |c CRAI/IIS  |a CRAI/IIS 
100 1 |a Cañada, Ernest  |9 660 
245 1 |a La comercialización del turismo comunitario en América Latina /  |c Ernest Cañada 
300 |a páginas 159-189 
500 |a Colección Centroamérica 
773 0 |0 18765  |9 185  |a Universidad de Costa Rica  |d San José, Costa Rica: Editorial Universidad de Costa Rica, 1974-  |o R17675  |t Anuario de Estudios Centroaméricanos / 
942 |2 ddc  |c PP 
999 |c 18773  |d 18773